Bồi dưỡng học sinh giỏi Sinh học Trung học phổ thông : Sinh lí học thực vật

Quyển sách cung cấp những kiến thức hữu ích giúp cho học sinh có thêm tài liệu phục vụ cho việc học tập có hiêụ quả tốt hơn. Ngoài ra còn là tài liệu giúp ích cho việc giảng dạy cho các giáo viên ở bộ môn Sinh học....

全面介绍

Đã lưu trong:
书目详细资料
主要作者: Vũ, Văn Vụ
格式: 图书
语言:Undetermined
出版: Hà Nội Giáo dục Việt Nam 2015
主题:
标签: 添加标签
没有标签, 成为第一个标记此记录!
Thư viện lưu trữ: Trung tâm Học liệu Trường Đại học Cần Thơ
LEADER 01017nam a2200217Ia 4500
001 CTU_207159
008 210402s9999 xx 000 0 und d
020 |c 40000 
082 |a 570.712 
082 |b V500 
100 |a Vũ, Văn Vụ 
245 0 |a Bồi dưỡng học sinh giỏi Sinh học Trung học phổ thông : 
245 0 |b Sinh lí học thực vật 
245 0 |c Vũ Văn Vụ 
260 |a Hà Nội 
260 |b Giáo dục Việt Nam 
260 |c 2015 
520 |a Quyển sách cung cấp những kiến thức hữu ích giúp cho học sinh có thêm tài liệu phục vụ cho việc học tập có hiêụ quả tốt hơn. Ngoài ra còn là tài liệu giúp ích cho việc giảng dạy cho các giáo viên ở bộ môn Sinh học. 
650 |a Sinh học,Biology 
650 |x Học và giảng dạy (Trung học),Study and teaching (Secondary) 
980 |a Trung tâm Học liệu Trường Đại học Cần Thơ